LEADER 01153cam0-22003971i-450- 001 990000194770403321 005 20161028082044.0 010 $a0-7204-0245-X 035 $a000019477 035 $aFED01000019477 035 $a(Aleph)000019477FED01 035 $a000019477 100 $a20020821d1972----km-y0itay50------ba 101 0 $aeng 105 $af-------001yy 200 1 $aPolymer science$ea materials science handbook$feditor A. D. Jenkins 210 $aAmsterdam$cNorth-Holland Publ. Co.$d1972 215 $a2 v.$cill.$d23 cm 610 0 $aPolimeri 676 $a547.8 702 1$aJenkins,$bAubrey Dennis 801 0$aIT$bUNINA$gRICA$2UNIMARC 901 $aBK 912 $a990000194770403321 952 $a13 P 36 18$b28964$fFINBC 952 $a13 P 36 19$b30335$fFINBC 952 $a13 P 36 17$b28963$fFINBC 952 $a04 200-81/2$bOPV PIC/CNR 334$fDINCH 952 $a04 200-81/1$bOPV PIC/CNR 334$fDINCH 952 $a13 P 36 21$b28966$fFINBC 952 $a13 B 03 06$b30336$fFINBC 952 $a13 B 03 04$b28965$fFINBC 959 $aFINBC 959 $aDINCH 996 $aPolymer science$9122018 997 $aUNINA LEADER 00864nam0-22003011i-450- 001 990006504140403321 005 20001010 035 $a000650414 035 $aFED01000650414 035 $a(Aleph)000650414FED01 035 $a000650414 100 $a20001010d--------km-y0itay50------ba 101 0 $aita 105 $ay-------001yy 200 1 $aVisages du mouvement ouvrier francais$eJadis-Naguere-Aujourd'hui$fGeorges Lefranc 210 $aParis$cPresses universitaire de France$d1982. 215 $a232 p.$d21 cm 225 1 $aPolitique d'aujourd'hui$v 676 $a331.80944 700 1$aLefranc,$bGeorges$0122558 801 0$aIT$bUNINA$gRICA$2UNIMARC 901 $aBK 912 $a990006504140403321 952 $aXIV G 61$b25354$fFSPBC 959 $aFSPBC 996 $aVisages du mouvement ouvrier francais$9654516 997 $aUNINA DB $aGEN01